Countries of the World - Crack the Code - Statistics

General Stats
  • This quiz has been taken 35 times
  • The average score is 15 of 20
Answer Stats
Coded Name Country % Correct
Zefgzmhrszm Afghanistan
100%
Zmfnkz Angola
100%
Azgqzhm Bahrain
100%
Adkzqtr Belarus
100%
Adkhyd Belize
100%
Admhm Benin
100%
Agtszm Bhutan
100%
Aqzyhk Brazil
100%
Atqjhmz Ezrn Burkina Faso
100%
Bzmzcz Canada
100%
Bzod Udqcd Cape Verde
100%
Bgzc Chad
100%
Bghkd Chile
100%
Bnlnqnr Comoros
100%
Bxoqtr Cyprus
100%
Cdlnbqzshb Qdotakhb ne sgd Bnmfn Democratic Republic of the Congo
100%
Cnlhmhbz Dominica
100%
Cnlhmhbzm Qdotakhb Dominican Republic
100%
Dbtzcnq Ecuador
100%
Dfxos Egypt
100%
Dptzsnqhzk Fthmdz Equatorial Guinea
100%
Dqhsqdz Eritrea
100%
Eqzmbd France
100%
Fgzmz Ghana
100%
Fqddbd Greece
100%
Fqdmzcz Grenada
100%
Gzhsh Haiti
100%
Hbdkzmc Iceland
100%
Hmchz India
100%
Hqzp Iraq
100%
Hunqx Bnzrs Ivory Coast
100%
Jxqfxyrszm Kyrgyzstan
100%
Kznr Laos
100%
Khdbgsdmrsdhm Liechtenstein
100%
Khsgtzmhz Lithuania
100%
Ktwdlantqf Luxembourg
100%
Lzczfzrbzq Madagascar
100%
Lzkh Mali
100%
Lzksz Malta
100%
Ldwhbn Mexico
100%
Lnmzbn Monaco
100%
Lnmfnkhz Mongolia
100%
Lnmsdmdfqn Montenegro
100%
Lnyzlahptd Mozambique
100%
Mztqt Nauru
100%
Mdsgdqkzmcr Netherlands
100%
Mhfdqhz Nigeria
100%
Mnqvzx Norway
100%
Nlzm Oman
100%
Ozmzlz Panama
100%
Ozotz Mdv Fthmdz Papua New Guinea
100%
Odqt Peru
100%
Onkzmc Poland
100%
Pzszq Qatar
100%
Qnlzmhz Romania
100%
Rzhms Uhmbdms zmc sgd Fqdmzchmdr Saint Vincent and the Grenadines
100%
Rztch Zqzahz Saudi Arabia
100%
Rdqahz Serbia
100%
Rdxbgdkkdr Seychelles
100%
Rhdqqz Kdnmd Sierra Leone
100%
Rhmfzonqd Singapore
100%
Rnknlnm Hrkzmcr Solomon Islands
100%
Rntsg Zeqhbz South Africa
100%
Rntsg Jnqdz South Korea
100%
Rqh Kzmjz Sri Lanka
100%
Rvhsydqkzmc Switzerland
100%
Szhvzm Taiwan
100%
Snmfz Tonga
100%
Stqjdx Turkey
100%
Tjqzhmd Ukraine
100%
Tmhsdc Zqza Dlhqzsdr United Arab Emirates
100%
Tmhsdc Jhmfcnl United Kingdom
100%
Tmhsdc Rszsdr United States
100%
Tqtftzx Uruguay
100%
Tyadjhrszm Uzbekistan
100%
Yzlahz Zambia
100%
Fdqlzmx Germany
86%
Ozqzftzx Paraguay
86%
Qvzmcz Rwanda
86%
Zqldmhz Armenia
83%
Dsghnohz Ethiopia
83%
Stmhrhz Tunisia
83%
Azgzlzr Bahamas
80%
Ankhuhz Bolivia
80%
Gtmfzqx Hungary
80%
Jdmxz Kenya
80%
Mdv Ydzkzmc New Zealand
80%
Snfn Togo
80%
Uzshbzm Bhsx Vatican City
80%
Zkfdqhz Algeria
75%
Ztrsqzkhz Australia
75%
Anrmhz zmc Gdqydfnuhmz Bosnia and Herzegovina
75%
Aqtmdh Brunei
75%
Bzlanchz Cambodia
75%
Bzldqnnm Cameroon
75%
Fdnqfhz Georgia
75%
Inqczm Jordan
75%
Jhqhazsh Kiribati
75%
Jnrnun Kosovo
75%
Mnqsg Jnqdz North Korea
75%
Mnqsg Lzbdcnmhz North Macedonia
75%
Ozjhrszm Pakistan
75%
Stqjldmhrszm Turkmenistan
75%
Azmfkzcdrg Bangladesh
71%
Adkfhtl Belgium
67%
Bghmz China
67%
Jtvzhs Kuwait
67%
Kdrnsgn Lesotho
67%
Khaxz Libya
67%
Lzkchudr Maldives
67%
Lnkcnuz Moldova
67%
Lnqnbbn Morocco
67%
Lxzmlzq Myanmar
67%
Ozkzt Palau
67%
Onqstfzk Portugal
67%
Rzhms Jhssr zmc Mduhr Saint Kitts and Nevis
67%
Rzn Snld zmc Oqímbhod São Tomé and Príncipe
67%
Rnlzkhz Somalia
67%
Tfzmcz Uganda
67%
Zkazmhz Albania
60%
Ztrsqhz Austria
60%
Atqtmch Burundi
60%
Btaz Cuba
60%
Drsnmhz Estonia
60%
Hrqzdk Israel
60%
Lztqhszmhz Mauritania
60%
Oghkhoohmdr Philippines
60%
Qtrrhz Russia
60%
Azqazcnr Barbados
50%
Ansrvzmz Botswana
50%
Cdmlzqj Denmark
50%
Cihantsh Djibouti
50%
Edcdqzsdc Rszsdr ne Lhbqnmdrhz Federated States of Micronesia
50%
Ehih Fiji
50%
Fzanm Gabon
50%
Fzlahz Gambia
50%
Ftzsdlzkz Guatemala
50%
Fthmdz-Ahrrzt Guinea-Bissau
50%
Gnmctqzr Honduras
50%
Izlzhbz Jamaica
50%
Jzyzjgrszm Kazakhstan
50%
Khadqhz Liberia
50%
Lzqrgzkk Hrkzmcr Marshall Islands
50%
Lztqhshtr Mauritius
50%
Mdozk Nepal
50%
Qdotakhb ne sgd Bnmfn Republic of the Congo
50%
Rzhms Ktbhz Saint Lucia
50%
Rzlnz Samoa
50%
Rtczm Sudan
50%
Rvdcdm Sweden
50%
Rxqhz Syria
50%
Szihjhrszm Tajikistan
50%
Sgzhkzmc Thailand
50%
Sqhmhczc zmc Snazfn Trinidad and Tobago
50%
Stuzkt Tuvalu
50%
Udmdytdkz Venezuela
50%
Xdldm Yemen
50%
Hszkx Italy
40%
Lzkzvh Malawi
40%
Mzlhahz Namibia
40%
Rknuzjhz Slovakia
40%
Rntsg Rtczm South Sudan
40%
Zqfdmshmz Argentina
33%
Bqnzshz Croatia
33%
Kdazmnm Lebanon
33%
Mhbzqzftz Nicaragua
33%
Rdmdfzk Senegal
33%
Rknudmhz Slovenia
33%
Bydbg Qdotakhb Czech Republic
29%
Zydqazhizm Azerbaijan
25%
Drvzshmh Eswatini
25%
Rzm Lzqhmn San Marino
25%
Zmcnqqz Andorra
0%
Zmshftz zmc Azqatcz Antigua and Barbuda
0%
Atkfzqhz Bulgaria
0%
Bdmsqzk Zeqhbzm Qdotakhb Central African Republic
0%
Bnknlahz Colombia
0%
Bnrsz Qhbz Costa Rica
0%
Dzrs Shlnq East Timor
0%
Dk Rzkuzcnq El Salvador
0%
Ehmkzmc Finland
0%
Fthmdz Guinea
0%
Ftxzmz Guyana
0%
Hmcnmdrhz Indonesia
0%
Hqzm Iran
0%
Hqdkzmc Ireland
0%
Izozm Japan
0%
Kzsuhz Latvia
0%
Lzkzxrhz Malaysia
0%
Mhfdq Niger
0%
Rozhm Spain
0%
Rtqhmzld Suriname
0%
Szmyzmhz Tanzania
0%
Uzmtzst Vanuatu
0%
Uhdsmzl Vietnam
0%
Yhlazavd Zimbabwe
0%
No matching quizzes found
Score Distribution
Percent of People with Each Score
Percentile by Number Answered
Your Score History
You have not taken this quiz